[Event "British Universities-chT Prelim D"]
[Site "Manchester"]
[Date "1970.04.13"]
[Round "2"]
[White "Wheeler, RW."]
[Black "MacGrillen, Hugh"]
[Result "0-1"]
[WhiteElo "1944"]
[BlackElo "2232"]
[PlyCount "68"]
[EventDate "1970.04.13"]
[EventType "team-swiss"]
[EventRounds "2"]
[EventCountry "ENG"]
[SourceTitle "EXT 2019"]
[Source "ChessBase"]
[SourceDate "2018.10.10"]
[SourceVersion "1"]
[SourceVersionDate "2018.10.10"]
[SourceQuality "1"]
[WhiteTeam "East Anglia"]
[BlackTeam "London"]
[WhiteTeamCountry "ENG"]
[BlackTeamCountry "ENG"]

1. e4 c5 2. Nc3 Nc6 3. d3 g6 4. g3 Bg7 5. Nge2 d6 6. Bg2 e6 7. 0-0 Nge7 8. Be3 0-0 9. d4 cxd4 10. Nxd4 a6 11. Qd2 Qc7 12. f4 Bd7 13. Rad1 Rfd8 14. Nce2 d5 15. exd5 Nxd5 16. Bf2 Be8 17. c3 Nf6 18. Kh1 Rac8 19. Bg1 Na5 20. Qc1 b5 21. Rfe1 Nc4 22. b3 Nb6 23. Rd3 Nbd5 24. Qd2 h5 25. Rc1 Qe7 26. Nc2 h4 27. Ne3 hxg3 28. Nxd5 exd5 29. hxg3 Ne4 30. Qe1 Qa3 31. Nd4 b4 32. Bxe4 dxe4 33. Nc2 exd3 34. Nxa3 d2 0-1